Applications of plastic materials in aerospace.

Bibliographic Details
Main Author: Simkin, Donald J.
Corporate Author: American Institute of Chemical Engineers
Format: Book
Language:English
Published: New York : American Institute of Chemical Engineers, 1963.
Series:Chemical engineering progress symposium series ; no. 40.
Subjects:

MARC

Tag First Indicator Second Indicator Subfields
LEADER 00000cam a2200000 4500
001 in00000100484
005 20150926125706.0
008 730614s1963 eng u
010 |a  63003165  
035 |a (OCoLC)00642572 
035 |9 AAL4386AM 
040 |c DRB  |d TXA  |d UtOrBLW 
049 |a TXAM  |c [358735] 
050 0 0 |a TL950  |b .S5 
100 1 |a Simkin, Donald J. 
245 1 0 |a Applications of plastic materials in aerospace. 
264 1 |a New York :  |b American Institute of Chemical Engineers,  |c 1963. 
300 |a 119 pages :  |b illustrations, diagrams, tables. ;  |c 28cm. 
336 |a text  |b txt  |2 rdacontent 
337 |a unmediated  |b n  |2 rdamedia 
338 |a volume  |b nc  |2 rdacarrier 
490 1 |a Chemical engineering progress symposium series,  |v no. 40 
504 |a Includes bibliographies. 
650 0 |a Space vehicles  |x Materials  |v Congresses. 
650 0 |a Plastics  |v Congresses. 
710 2 |a American Institute of Chemical Engineers. 
830 0 |a Chemical engineering progress symposium series ;  |v no. 40. 
999 |a MARS 
999 f f |s a0565ac4-20f1-32c8-b330-46718e09f884  |i 5dd4dcda-9f82-3bad-b3ef-e60d1030f32c  |t 0 
952 f f |p ric  |a Texas A&M University  |b Rellis Campus  |c Joint Library Facility  |d Remote Storage  |t 0  |e TL950 .S5  |h Library of Congress classification  |i unmediated -- volume  |m A14805558770 
998 f f |a TL950 .S5  |t 0  |l Remote Storage